<?xml version="1.0" encoding="UTF-8"?><?xml-stylesheet type="text/xsl" href="static/style.xsl"?><OAI-PMH xmlns="http://www.openarchives.org/OAI/2.0/" xmlns:xsi="http://www.w3.org/2001/XMLSchema-instance" xsi:schemaLocation="http://www.openarchives.org/OAI/2.0/ http://www.openarchives.org/OAI/2.0/OAI-PMH.xsd"><responseDate>2026-04-13T07:28:05Z</responseDate><request verb="GetRecord" identifier="oai:www.recercat.cat:2072/262887" metadataPrefix="marc">https://recercat.cat/oai/request</request><GetRecord><record><header><identifier>oai:recercat.cat:2072/262887</identifier><datestamp>2024-12-21T23:23:03Z</datestamp><setSpec>com_2072_220028</setSpec><setSpec>com_2072_4427</setSpec><setSpec>col_2072_220405</setSpec></header><metadata><record xmlns="http://www.loc.gov/MARC21/slim" xmlns:dcterms="http://purl.org/dc/terms/" xmlns:xsi="http://www.w3.org/2001/XMLSchema-instance" xmlns:doc="http://www.lyncode.com/xoai" xsi:schemaLocation="http://www.loc.gov/MARC21/slim http://www.loc.gov/standards/marcxml/schema/MARC21slim.xsd">
   <leader>00925njm 22002777a 4500</leader>
   <datafield ind2=" " ind1=" " tag="042">
      <subfield code="a">dc</subfield>
   </datafield>
   <datafield ind2=" " ind1=" " tag="720">
      <subfield code="a">Riera i Mora, Santiago</subfield>
      <subfield code="e">author</subfield>
   </datafield>
   <datafield ind2=" " ind1=" " tag="720">
      <subfield code="a">Ejarque, Ana</subfield>
      <subfield code="e">author</subfield>
   </datafield>
   <datafield ind2=" " ind1=" " tag="720">
      <subfield code="a">Miras, Yannick</subfield>
      <subfield code="e">author</subfield>
   </datafield>
   <datafield ind2=" " ind1=" " tag="720">
      <subfield code="a">Orengo Romeu, Hector A.</subfield>
      <subfield code="e">author</subfield>
   </datafield>
   <datafield ind2=" " ind1=" " tag="720">
      <subfield code="a">Palet i Martínez, Josep M.</subfield>
      <subfield code="e">author</subfield>
   </datafield>
   <datafield ind2=" " ind1=" " tag="720">
      <subfield code="a">Julià Brugués, Ramón</subfield>
      <subfield code="e">author</subfield>
   </datafield>
   <datafield ind2=" " ind1=" " tag="260">
      <subfield code="c">2011</subfield>
   </datafield>
   <datafield ind2=" " ind1=" " tag="520">
      <subfield code="a">An integrated high resolution multi-proxy study (i.e. pollen, NPP, micro and macro-charcoal, sedimentology and geochemistry) and arqchaeological reserch program has been carried out in the high mountain Madriu-Perafita-Claror valley, Andorra, Eastern Pyrenees. This study aims to understand the long-term shaping of this high mountain cultural landscape, included in the UNESCO World Heritage List. Results obtained underline the marked complexity of high mountain land-use system over the Holocene period and stress the existence in the MPCV of different phases of microregional land-use and landscape variability since the Mesolithic period. This long-term high mountain land-use is superimposed on a climatic variability revealed through the organic matter content of the lake.</subfield>
   </datafield>
   <datafield ind1="8" ind2=" " tag="024">
      <subfield code="a">Riera, S.; Ejarque, A.; Miras, Y.; Orengo, H.A.; Palet, J.M.; Julià, R. (2011) «Cambios ambientales altimontanos en los Pirineos orientales durante el Holoceno: el valle del Madriu-Perafita-Claror (Andorra). Estudio paleoambiental y arqueológico»,  El cuaternario en España y áreas afines, avances en 2011: Actas de la XIII Reunión Nacional de Cuaternario Asociación Española para el Estudio del Cuaternario (AEQUA). 77-80</subfield>
   </datafield>
   <datafield ind1="8" ind2=" " tag="024">
      <subfield code="a">http://hdl.handle.net/2072/262887</subfield>
   </datafield>
   <datafield ind2="0" ind1="0" tag="245">
      <subfield code="a">Cambios ambientales altimontanos en los Pirineos orientales durante el Holoceno: el valle del Madriu-Perafita-Claror (Andorra). Estudio paleoambiental y arqueológico</subfield>
   </datafield>
</record></metadata></record></GetRecord></OAI-PMH>